Toutes les civilisations de Civilization 7 - Statistiques

Statistiques générales
  • Ce quiz a été pris 27 fois
  • Le résultat moyen est 14 sur 34
Statistiques - réponses
Réponse % Correct
Empire Français
90%
Rome
86%
Chine
71%
Empire Japonais de l'ère Meiji
71%
Grèce
71%
Egypt
67%
Espagne
67%
Russie
62%
Inde
57%
Maya
57%
Mexique
57%
Perse
52%
Amérique
48%
Incas
48%
Prusse
48%
Dynastie Han
33%
Khmers
33%
Mongolie
33%
Dynastie Ming
29%
Dynastie Qing
29%
Majapahit
29%
Mississippiens
29%
Moghols
29%
Normands
29%
Siam
29%
Califat Abbasside
24%
Dynastie Chola
24%
L'empire Maurya
24%
Aksoum
19%
Hawaï
19%
Bouganda
14%
Chaouanons
14%
Songhaïs
10%
Chilas D'ine
5%
Aucun quiz correspondant
Distribution des résultats
% des personnes avec chaque résultat
Percentile par nombre de réponses
Votre historique - résultats
Vous n’avez pas pris ce quiz